Mechanics of machines: elementary theory and examples (Record no. 7455)

000 -LEADER
fixed length control field 00536nam a2200193Ia 4500
008 - FIXED-LENGTH DATA ELEMENTS--GENERAL INFORMATION
fixed length control field 200103s 1992 ||||xx |||||||||||||| ||und||
020 ## - INTERNATIONAL STANDARD BOOK NUMBER
International Standard Book Number 9780713132540
082 ## - DEWEY DECIMAL CLASSIFICATION NUMBER
Classification number 621.811
Item number HAN
100 ## - MAIN ENTRY--PERSONAL NAME
Personal name Hannah, John
245 #0 - TITLE STATEMENT
Title Mechanics of machines: elementary theory and examples
250 ## - EDITION STATEMENT
Edition statement 2nd
260 ## - PUBLICATION, DISTRIBUTION, ETC. (IMPRINT)
Name of publisher, distributor, etc Edward Arnold
Date of publication, distribution, etc 1992
Place of publication, distribution, etc London
300 ## - PHYSICAL DESCRIPTION
Extent viii, 456 p.: ill.
650 ## - SUBJECT ADDED ENTRY--TOPICAL TERM
Topical term or geographic name as entry element Machinery
650 ## - SUBJECT ADDED ENTRY--TOPICAL TERM
Topical term or geographic name as entry element Mechanics, Applied
650 ## - SUBJECT ADDED ENTRY--TOPICAL TERM
Topical term or geographic name as entry element Mechanical engineering
700 ## - ADDED ENTRY--PERSONAL NAME
Personal name Stephens, R. C.
Relator term Co-author
942 ## - ADDED ENTRY ELEMENTS (KOHA)
Item type Books
Holdings
Withdrawn status Lost status Source of classification or shelving scheme Damaged status Not for loan Collection code Permanent location Current location Shelving location Date acquired Total Checkouts Full call number Barcode Date last seen Date last borrowed Koha item type Public note
          Non-fiction IMU-MPC Library IMU-MPC Library General Stacks 2020-01-08 1 621.811 HAN LBS9234 2025-03-17 2022-10-28 Books Column - 32
          Non-fiction IMU-MPC Library IMU-MPC Library General Stacks 2020-01-08   621.811 HAN LBS10335 2025-03-17   Books Column - 32
          Non-fiction IMU-MPC Library IMU-MPC Library General Stacks 2020-01-08   621.811 HAN MPC2099 2020-08-19   Books Column - 32
Copyright © 2021 Indian Maritime University, Mumbai Port Campus. All Rights Reserved. Managed & Maintained by Central Library, IMU-Mumbai

webs counters

Powered by Koha